[Event "ROM-ch U10"]
[Site "Calimanesti"]
[Date "2015.04.02"]
[Round "5"]
[White "Stoian, Stefan Alexandru"]
[Black "Neacsa, Andreas Alexandru"]
[Result "0-1"]
[WhiteElo "1218"]
[BlackElo "1001"]
[PlyCount "36"]
[EventDate "2015.03.30"]
[EventType "swiss"]
[EventRounds "9"]
[EventCountry "ROU"]
[SourceTitle "CBM 165 Extra"]
[Source "ChessBase"]
[SourceDate "2015.04.21"]
[SourceVersion "1"]
[SourceVersionDate "2015.04.21"]
[SourceQuality "1"]

1. e4 e5 2. Nf3 Nf6 3. Nxe5 Qe7 4. Nf3 Qxe4+ 5. Be2 Bc5 6. Nc3 Qe7 7. h3 Nc6 8. 0-0 0-0 9. Re1 Ne4 10. Nxe4 Qxe4 11. Bb5 Qg6 12. Bd3 Qf6 13. Qe2 d5 14. Bb5 Qg6 15. h4 Qxc2 16. Bxc6 bxc6 17. Qe5 Bd6 18. Qe3 Bd7 0-1